Biblioteca

The Oxford handbook of natural theology (Registro nro. 63930)

Detalles MARC
000 -LÍDER
Campo fijo de descripción fija 03820cam a22005177a 4500
001 - NÚMERO DE CONTROL
Campo de control 18179644
003 - IDENTIFICADOR DEL NÚMERO DE CONTROL
Campo de control CO-MdFUSB
005 - FECHA Y HORA DE LA ULTIMA TRANSACCIÓN
control field 20170721142740.0
008 - ELEMENTOS DE LONGITUD FIJA -- INFORMACIÓN GENERAL
Campo fijo de descripción fija -- Información general 140606t20132015enk f b 001 0 eng d
010 ## - NÚMERO DE CONTROL DE LA BIBLIOTECA DEL CONGRESO
Número de control LC 2014412065
020 ## - NÚMERO INTERNACIONAL NORMALIZADO PARA LIBROS
Número Internacional Normalizado del libro 9780199556939 (hbk.)
020 ## - NÚMERO INTERNACIONAL NORMALIZADO PARA LIBROS
Número Internacional Normalizado del libro 9780198709787 (Pbk.)
020 ## - NÚMERO INTERNACIONAL NORMALIZADO PARA LIBROS
Número Internacional Normalizado del libro 0199556938 (hbk.)
020 ## - NÚMERO INTERNACIONAL NORMALIZADO PARA LIBROS
Cancelado / ISBN no válido 9780191750496 (eBook)
020 ## - NÚMERO INTERNACIONAL NORMALIZADO PARA LIBROS
Cancelado / ISBN no válido 0191750492 (eBook)
040 ## - FUENTE DE CATALOGACIÓN
Agencia de catalogación original UKMGB
Idioma de catalogación eng
Agencia que realiza la transcripción CO-MdFUSB
Agencia que realiza la modificación CO-MdFUSB
Convenciones de la descripción rda
041 ## - CÓDIGO DE IDIOMA
Código de idioma para texto/pista de sonido o título separado eng
042 ## - AUTHENTICATION CODE
Authentication code lccopycat
082 04 - NÚMERO DE CLASIFICACIÓN DECIMAL DEWEY
Número de clasificación R 212
Número de la edición del Dewey 24
Clave de autor-Numero de item Ox98o
245 04 - TÍTULO
Título del Material The Oxford handbook of natural theology
Mención de responsabilidad, etc. / editado por Russell Re Manning ; consultores, John Hedley Brooke & Fraser Watts.
246 10 - FORMA VARIANTE DEL TITULO
Título propiamente dicho/forma breve del título Natural theology
250 ## - MENCIÓN DE EDICIÓN
Mención de edición 1st ed.
264 #1 - PRODUCCIÓN, PUBLICACIÓN, DISTRIBUCIÓN, MANUFACTURA, Y COPYRIGHT
Lugar de producción, publicación, distribución, manufactura Oxford :
Nombre del productor, publicador, distribuidor Oxford University Press,
Fecha de producción, publicación, distribución, manufactura, o copyright ℗2015
264 #4 - PRODUCCIÓN, PUBLICACIÓN, DISTRIBUCIÓN, MANUFACTURA, Y COPYRIGHT
Fecha de producción, publicación, distribución, manufactura, o copyright ©2013
300 ## - DESCRIPCIÓN FÍSICA
Extensión xiv, 632 páginas :
Otros detalles físicos ilustraciones ;
Dimensiones 26 cm.
336 ## - TIPO DE CONTENIDO
Fuente rdacontent
Término de tipo de contenido
Código de tipo de contenido
337 ## - TIPO DE MEDIO
Fuente rdamedia
Nombre del tipo de medio
Código del tipo de medio
338 ## - TIPO DE SOPORTE
Fuente rdacarrier
Nombre del tipo de soporte
Código Tipo de soporte
490 1# - MENCIÓN DE SERIE
Mención de serie [Oxford handbooks]
500 ## - NOTA GENERAL
Nota General Series statement from jacket.
501 ## - NOTA DE “CON”
Nota de Contenido Incluye índice (páginas: 611- 632)
505 00 - NOTA DE CONTENIDO
Título The classical origins of natural theology /
Mención de responsabilidad Stephen R.L. Clark --
Título Natural theology in the patristic period /
Mención de responsabilidad Wayne Hankey --
Título Natural theology in the Middle Ages /
Mención de responsabilidad Alexander W. Hall --
Título Early modern natural theologies /
Mención de responsabilidad Scott Mandelbrote --
Título Natural theology in the twentieth century /
Mención de responsabilidad Rodney D. Holder --
Título Jewish perspectives on natural theology /
Mención de responsabilidad Daniel H. Frank --
Título Islamic perspectives on natural theology /
Mención de responsabilidad Robert G. Morrison --
Título Natural theology in Eastern religions /
Mención de responsabilidad Jessica Frazier --
Título Catholic perspectives on natural theology /
Mención de responsabilidad Denis Edwards --
Título Protestant perspectives on natural theology /
Mención de responsabilidad Russell Re Manning --
Título Natural theology and the Eastern Orthodox tradition /
Mención de responsabilidad Christopher C. Knight --
Título Perspectives on natural theology from analytic philosophy /
Mención de responsabilidad Keith M. Parsons --
Título A perspective on natural theology from continental philosophy /
Mención de responsabilidad Russell Re Manning --
Título The design argument and natural theology /
Mención de responsabilidad Neil A. Manson --
Título Morality and natural theology /
Mención de responsabilidad William Schweiker --
Título Religious experience and natural theology /
Mención de responsabilidad Mark Wynn --
Título Postmodernism and natural theology /
Mención de responsabilidad Clayton Crockett --
Título Feminist perspectives on natural theology /
Mención de responsabilidad Pamela Sue Anderson --
Título Philosophical critique of natural theology /
Mención de responsabilidad Charles Taliaferro --
Título Natural theology: the biological sciences /
Mención de responsabilidad Michael Ruse --
Título The physical sciences and natural theology /
Mención de responsabilidad Paul Ewart --
Título Natural theology and ecology /
Mención de responsabilidad Christopher Southgate --
Título A sociological perspective on natural theology /
Mención de responsabilidad Richard K. Fenn --
Título Scientific critiques of natural theology /
Mención de responsabilidad Philip Clayton --
Título Perspectives on natural theology from the arts --
-- Aesthetics and the arts in relation to natural theology /
Mención de responsabilidad Frank Burch Brown --
Título Imagination and natural theology /
Mención de responsabilidad Douglas Hedley --
Título Natural theology and literature /
Mención de responsabilidad Guy Bennett-Hunter --
Título Natural theology and music /
Mención de responsabilidad Jeremy S. Begbie --
Título Images in natural theology /
Mención de responsabilidad Kristóf Nyíri --
Título The film viewer and natural theology: God's 'presence' at the movies /
Mención de responsabilidad Robert K. Johnston.
505 00 - NOTA DE CONTENIDO
Nota de contenido con formato preestablecido Perspectivas históricas sobre la teología natural -- Perspectivas teológicas sobre la teología natural -- Perspectivas filosóficas sobre la teología natural -- Perspectivas científicas sobre la teología natural -- Perspectivas sobre la teología natural de las artes.
650 #7 - ASIENTO SECUNDARIO DE MATERIA - TERMINO TEMÁTICO
Término temático o nombre geográfico como elemento de entrada Religión y ciencia
9 (RLIN) 259
653 ## - TÉRMINO DE INDIZACIÓN - NO CONTROLADO
Término no controlado Teología natural
700 1# - ASIENTO SECUNDARIO - NOMBRE PERSONAL
Nombre personal Re Manning, Russell.
700 1# - ASIENTO SECUNDARIO - NOMBRE PERSONAL
Nombre personal Brooke, John Hedley.
700 1# - ASIENTO SECUNDARIO - NOMBRE PERSONAL
Nombre personal Watts, Fraser N.
830 #0 - PUNTO DE ACCESO ADICIONAL DE SERIE - TÍTULO UNIFORME
Título uniforme Oxford handbooks.
942 ## - TIPO DE MATERIAL (KOHA)
Tipo de Item KOHA Libros de Referencia
Existencias
Estado de Material Estado de Perdido Forma de Clasificación Estado de Dañado No para Préstamo Colección Biblioteca de Origen Biblioteca Permanente Fecha de Adquisición Total de Préstamos Signatura Topográfica Código de Barras Última vez visto Ejemplar/Existencia Fecha de Remplazo Tipo de Material
    Dewey Decimal Classification     Colección de Referencia Biblioteca FUSBC Biblioteca FUSBC 21/07/2017   R 212 Ox98o 18798 12/12/2019 Ej. 1 21/07/2017 Libros de Referencia

Biblioteca FUSBC | Teléfono: (57+4) 349 88 10 Ext. 141| WhatsApp (+57) 3005338115 
E-mail: biblioteca@unisbc.edu.co | Calle 76 87-14 Robledo Palenque, Medellín, Colombia

Con tecnología Koha